000 00980nam a22003137a 4500
003 CHAP
005 20220817041625.0
008 971013s1968 r 00010 d
010 _a20019
011 _a20991
035 _a25080
040 _cCHAP
090 _aFolleto 871
100 0 0 _aBonfil, Ramón G.
_913676
245 _aEducación elemental
260 _a(México, D.F.) :
_bReunión Nacional de Ciencia y Tecnología en la Reforma Agraria,
_c1968
300 _a25 h.
490 _aDocumento C-T-Ref./Agr. IV-39 (3)
590 _aBATCH-UPD
_b10
_c20130110
_lUCH01
_h1926
590 _aBATCH-UPD
_b10
_c20130410
_lUCH01
_h1251
590 _aBATCH-UPD
_b10
_c20130914
_lUCH01
_h1240
590 _aCONVERSION
_b10
_c20130109
_lUCH01
_h1312
650 1 4 _aEducación agrícola.
_935491
650 1 4 _aEducación elemental.
830 0 _aDocumento C-T-Ref./Agr. IV-39 (3)
_933206
901 _aBK
942 _cFOLL
949 _aFolleto 871
_bBC
_cFOLL
_d-57791
_eTS1
_i25080
_si
999 _c20019
_d20019